banner-ar

CAIRO UNIVERSITY AND THE MAKING OF MODERN EGYPT / (Record no. 12879)

MARC details
000 -الفاتح
حقل البيانات ثابتة الطول 00501nam a2200181Ia 4500
008 - عناصر البيانات ثابتة الطول - معلومات عامة
حقل البيانات ثابتة الطول 140319s9999 xx 000 0 eng d
040 ## - مصدر الفهرسة
وكالة الفهرسة الأصلية GCL /
وكالة النسخ GCL
082 04 - رقم تصنيف ديوى العشرى
رقم التصنيف CC
رقم المادة 378.06216
-- R C
100 1# - المدخل الرئيسى - إسم شخصى
الإسم الشخصى REID, DONALD MALCOM
245 10 - بيان العنوان
العنوان CAIRO UNIVERSITY AND THE MAKING OF MODERN EGYPT /
بيان المسئوليه,etc REID, DONALD MALCOM
300 ## - الوصف المادى
التعداد 296
650 04 - المدخل الاضافى بالموضوع-مصطلح موضوعى
مصطلح موضوعي HISTORY
650 04 - المدخل الاضافى بالموضوع-مصطلح موضوعى
مصطلح موضوعي JAMI AT AL- QAKIRAK
650 04 - المدخل الاضافى بالموضوع-مصطلح موضوعى
مصطلح موضوعي CAIRO UNIVERSITY
942 ## - عناصر المدخل الإضافي( كوها)
مصدر التصنيف او مخطط الترفيف Dewey Decimal Classification
Koha [default] item type كتاب
260 ## - PUBLICATION, DISTRIBUTION, ETC. (IMPRINT)
-- [S.N] :
-- CAMLRIDGE UNIVERSITY PRESS
Holdings
حالة التراجع حالة الفقد حالة تلف ليس للاعارة المكان المؤقت الموقع الحالى تاريخ الاكتساب اجمالي اﻻعارات رقم الطلب الباركود تاريخ اخر مشاهدة تاريخ تفعيل السعر نوع وعاء كوها
        مكتبة القاهرة الكبرى مكتبة القاهرة الكبرى 03/26/2014   CC\378.06216\R C 24912 03/26/2014 03/26/2014 كتاب

Powered By

EGPV